000 00570nam a2200205Ia 4500
003 GCL
008 140319s9999 xx 000 0 ara d
040 _aGCL /
_cGCL
082 0 4 _a812.009
_bس م
100 1 _aسمير سرحان
245 1 0 _aالمسرح المعاصر /
_cسمير سرحان
260 _a[S.N] :
_bالهيئة المصرية العامة للكتاب ،
_c1987
300 _a210 ص
490 _a
650 0 4 _aالنقد
650 0 4 _aمصر
650 0 4 _aالمسرح
650 0 4 _aالمسرحيات العربية
942 _2ddc
_cBK
999 _c29637
_d29637